[Event "Kupreichik Memorial Open 2018"]
[Site "Minsk"]
[Date "2018.06.21"]
[Round "2"]
[White "Masjuk, Vladimir"]
[Black "Kozlov, Valentin"]
[Result "1-0"]
[WhiteElo "1829"]
[BlackElo "1553"]
[Annotator "NA"]
[PlyCount "27"]
[EventDate "2018.06.21"]
[EventCountry "BLR"]
[SourceTitle "playchess.com"]
[Source "ChessBase"]
[SourceQuality "1"]
[TimeControl "900+10"]

1. e4 {[%emt 0:00:00]} c5 {[%emt 0:00:01]} 2. c3 {[%emt 0:00:00]} Nc6 {[%emt 0:00:09]} 3. d4 {[%emt 0:00:00]} cxd4 {[%emt 0:00:02]} 4. cxd4 {[%emt 0:00:00]} e6 {[%emt 0:00:04]} 5. Nc3 {[%emt 0:00:02]} Be7 {[%emt 0:00:06]} 6. f4 {[%emt 0:00:03]} Nf6 {[%emt 0:00:05]} 7. Nf3 {[%emt 0:00:03]} O-O {[%emt 0:00:03]} 8. Bd3 {[%emt 0:00:04]} Nb4 {[%emt 0:00:18]} 9. Bb1 {[%emt 0:00:03]} d5 {[%emt 0:00:30]} 10. e5 {[%emt 0:00:06]} Nd7 {[%emt 0:00:37]} 11. O-O {[%emt 0:00:07]} Nb6 {[%emt 0:00:31]} 12. a3 {[%emt 0:01:19]} Nc6 {[%emt 0:00:22]} 13. Qd3 {[%emt 0:01:43]} a5 {[%emt 0:00:35]} 14. Qxh7# 1-0

[Event "Kupreichik Memorial Open 2018"]
[Site "Minsk"]
[Date "2018.06.21"]
[Round "2"]
[White "Pashkov, Vladimir M"]
[Black "Tkachou, Pavel"]
[Result "0-1"]
[WhiteElo "1812"]
[BlackElo "1535"]
[Annotator "NA"]
[PlyCount "88"]
[EventDate "2018.06.21"]
[EventCountry "BLR"]
[SourceTitle "playchess.com"]
[Source "ChessBase"]
[SourceQuality "1"]
[TimeControl "900+10"]

1. d4 {[%emt 0:00:00]} e6 {[%emt 0:00:01]} 2. Nf3 {[%emt 0:00:03]} d5 {[%emt 0:00:04]} 3. e3 {[%emt 0:00:04]} Nf6 {[%emt 0:00:03]} 4. Bd3 {[%emt 0:00:02]} c5 {[%emt 0:00:06]} 5. b3 {[%emt 0:00:01]} Nc6 {[%emt 0:00:18]} 6. Bb2 {[%emt 0:00:15]} Nb4 {[%emt 0:00:59]} 7. Be2 {[%emt 0:00:04]} Qa5 {[%emt 0:00:19]} 8. Nbd2 {[%emt 0:01:10]} Ne4 {[%emt 0:02:27]} 9. a3 {[%emt 0:00:56]} Nxd2 {[%emt 0:00:57]} 10. Qxd2 {[%emt 0:00:08]} Nxc2+ {[%emt 0:00:04]} 11. Kd1 {[%emt 0:00:56]} Qxd2+ {[%emt 0:00:05]} 12. Kxd2 {[%emt 0:00:01]} Nxa1 {[%emt 0:00:01]} 13. Rxa1 {[%emt 0:00:05]} f6 {[%emt 0:01:17]} 14. Rc1 {[%emt 0:00:47]} b6 {[%emt 0:00:41]} 15. Ne1 {[%emt 0:00:37]} Bd7 {[%emt 0:01:03]} 16. Nd3 {[%emt 0:02:01]} cxd4 {[%emt 0:00:12]} 17. exd4 {[%emt 0:00:14]} Bd6 {[%emt 0:00:09]} 18. h3 {[%emt 0:00:26]} O-O {[%emt 0:00:18]} 19. b4 {[%emt 0:00:54]} Bb5 {[%emt 0:01:06]} 20. Re1 {[%emt 0:01:03]} Bxd3 {[%emt 0:01:49]} 21. Bxd3 {[%emt 0:00:20]} Rfe8 {[%emt 0:00:32]} 22. Bb5 {[%emt 0:00:35]} Re7 {[%emt 0:00:04]} 23. Bc6 {[%emt 0:00:04]} Rc8 {[%emt 0:00:15]} 24. b5 {[%emt 0:00:03]} Kf7 {[%emt 0:00:47]} 25. Kd3 {[%emt 0:00:13]} Rec7 {[%emt 0:00:38]} 26. Rc1 {[%emt 0:00:20]} Bf4 {[%emt 0:00:31]} 27. Rc2 {[%emt 0:00:07]} Ke7 {[%emt 0:00:04]} 28. g3 {[%emt 0:00:08]} Bd6 {[%emt 0:00:25]} 29. f4 {[%emt 0:00:59]} g5 {[%emt 0:01:18]} 30. Bc1 {[%emt 0:02:24]} gxf4 {[%emt 0:00:07]} 31. Bxf4 {[%emt 0:00:39]} Bxf4 {[%emt 0:00:03]} 32. gxf4 {[%emt 0:00:01]} Rg8 {[%emt 0:00:07]} 33. Re2 {[%emt 0:00:48]} Rg3+ {[%emt 0:00:33]} 34. Re3 {[%emt 0:00:31]} Rxe3+ {[%emt 0:00:02]} 35. Kxe3 {[%emt 0:00:01]} Kd6 {[%emt 0:00:01]} 36. f5 {[%emt 0:00:45]} exf5 {[%emt 0:00:07]} 37. Kf4 {[%emt 0:00:03]} Ke6 {[%emt 0:00:34]} 38. a4 {[%emt 0:00:20]} Rg7 {[%emt 0:00:02]} 39. Be8 {[%emt 0:01:27]} Rg1 {[%emt 0:00:10]} 40. Bh5 {[%emt 0:00:29]} Ra1 {[%emt 0:00:07]} 41. Be2 {[%emt 0:00:17]} Rxa4 {[%emt 0:00:04]} 42. Ke3 {[%emt 0:00:14]} f4+ {[%emt 0:00:01]} 43. Kd3 {[%emt 0:00:31]} f5 {[%emt 0:00:08]} 44. Kc3 {[%emt 0:00:10]} Ra3+ {[%emt 0:00:01]} 0-1

[Event "Kupreichik Memorial Open 2018"]
[Site "Minsk"]
[Date "2018.06.21"]
[Round "2"]
[White "Arlou, Valery"]
[Black "Cherepov, Alexej"]
[Result "0-1"]
[WhiteElo "1743"]
[BlackElo "2234"]
[Annotator "NA"]
[PlyCount "89"]
[EventDate "2018.06.21"]
[EventCountry "BLR"]
[SourceTitle "playchess.com"]
[Source "ChessBase"]
[SourceQuality "1"]
[TimeControl "900+10"]

1. d4 {[%emt 0:00:00]} d5 {[%emt 0:00:05]} 2. Nf3 {[%emt 0:00:00]} Nf6 {[%emt 0:00:03]} 3. Bf4 {[%emt 0:00:00]} c5 {[%emt 0:00:03]} 4. e3 {[%emt 0:00:00]} Nc6 {[%emt 0:00:02]} 5. c3 {[%emt 0:00:09]} Bg4 {[%emt 0:00:18]} 6. Nbd2 {[%emt 0:00:17]} e6 {[%emt 0:00:04]} 7. Bd3 {[%emt 0:00:08]} Be7 {[%emt 0:00:08]} 8. h3 {[%emt 0:00:13]} Bh5 {[%emt 0:00:02]} 9. O-O {[%emt 0:00:30]} O-O {[%emt 0:00:06]} 10. Rc1 {[%emt 0:01:33]} Re8 {[%emt 0:01:00]} 11. g4 {[%emt 0:00:48]} Bg6 {[%emt 0:00:05]} 12. Bxg6 {[%emt 0:00:04]} hxg6 {[%emt 0:00:02]} 13. Ne5 {[%emt 0:00:33]} Qb6 {[%emt 0:02:27]} 14. Qc2 {[%emt 0:00:48]} Rac8 {[%emt 0:00:11]} 15. Ndf3 {[%emt 0:00:23]} Ne4 {[%emt 0:00:21]} 16. Nxc6 {[%emt 0:02:05]} bxc6 {[%emt 0:01:23]} 17. Ne5 {[%emt 0:00:16]} Red8 {[%emt 0:00:25]} 18. f3 {[%emt 0:00:36]} Nf6 {[%emt 0:00:16]} 19. Qb3 {[%emt 0:03:05]} Qa6 {[%emt 0:00:43]} 20. a3 {[%emt 0:01:47]} c4 {[%emt 0:00:57]} 21. Qc2 {[%emt 0:00:06]} Rb8 {[%emt 0:00:06]} 22. Qh2 {[%emt 0:00:38]} Rb3 {[%emt 0:00:07]} 23. Rc2 {[%emt 0:00:06]} Qb7 {[%emt 0:00:12]} 24. Rff2 {[%emt 0:00:07]} Ne8 {[%emt 0:00:54]} 25. h4 {[%emt 0:00:14]} c5 {[%emt 0:04:14]} 26. g5 {[%emt 0:00:09]} cxd4 {[%emt 0:00:17]} 27. exd4 {[%emt 0:00:01]} Bd6 {[%emt 0:01:21]} 28. h5 {[%emt 0:00:34]} Bxe5 {[%emt 0:00:14]} 29. Bxe5 {[%emt 0:00:02]} Qe7 {[%emt 0:00:08]} 30. Bf4 {[%emt 0:00:26]} Nd6 {[%emt 0:00:15]} 31. hxg6 {[%emt 0:00:46]} fxg6 {[%emt 0:00:03]} 32. Bxd6 {[%emt 0:00:51]} Rxd6 {[%emt 0:00:10]} 33. Qe5 {[%emt 0:00:11]} Rb8 {[%emt 0:00:14]} 34. f4 {[%emt 0:01:20]} Rf8 {[%emt 0:00:28]} 35. Rce2 {[%emt 0:00:17]} Rf5 {[%emt 0:00:33]} 36. Qe3 {[%emt 0:00:03]} Rb6 {[%emt 0:00:14]} 37. Kg2 {[%emt 0:00:09]} Kf7 {[%emt 0:00:10]} 38. Kg3 {[%emt 0:00:06]} Qb7 {[%emt 0:00:13]} 39. Rh2 {[%emt 0:00:51]} Qb8 {[%emt 0:00:32]} 40. Qf2 {[%emt 0:00:55]} Rxg5+ {[%emt 0:00:10]} 41. Kf3 {[%emt 0:00:06]} Rf5 {[%emt 0:00:05]} 42. Ke3 {[%emt 0:00:09]} g5 {[%emt 0:00:11]} 43. Qf3 {[%emt 0:00:35]} gxf4+ {[%emt 0:00:40]} 44. Kf2 {[%emt 0:00:10]} Rxb2 {[%emt 0:00:12]} 45. Ke1 0-1

[Event "Kupreichik Memorial Open 2018"]
[Site "Minsk"]
[Date "2018.06.21"]
[Round "2"]
[White "Beliuga, Mikhail"]
[Black "Korniichuk, Oleksandra"]
[Result "0-1"]
[WhiteElo "1699"]
[BlackElo "1740"]
[Annotator "NA"]
[PlyCount "90"]
[EventDate "2018.06.21"]
[EventCountry "BLR"]
[SourceTitle "playchess.com"]
[Source "ChessBase"]
[SourceQuality "1"]
[TimeControl "900+10"]

1. Nf3 {[%emt 0:00:00]} Nf6 {[%emt 0:00:06]} 2. d4 {[%emt 0:00:00]} e6 {[%emt 0:00:05]} 3. c4 {[%emt 0:00:16]} Be7 {[%emt 0:00:17]} 4. Nc3 {[%emt 0:00:33]} O-O {[%emt 0:00:31]} 5. e4 {[%emt 0:00:28]} d5 {[%emt 0:00:25]} 6. e5 {[%emt 0:00:49]} Ne4 {[%emt 0:01:14]} 7. Bd3 {[%emt 0:00:05]} Nxc3 {[%emt 0:00:34]} 8. bxc3 {[%emt 0:00:01]} dxc4 {[%emt 0:01:06]} 9. Bxc4 {[%emt 0:00:02]} c5 {[%emt 0:00:06]} 10. O-O {[%emt 0:00:21]} Nc6 {[%emt 0:00:50]} 11. Rb1 {[%emt 0:01:26]} b6 {[%emt 0:00:34]} 12. Be3 {[%emt 0:01:45]} cxd4 {[%emt 0:00:27]} 13. cxd4 {[%emt 0:00:48]} Bb7 {[%emt 0:00:36]} 14. Qe2 {[%emt 0:02:02]} Nb4 {[%emt 0:00:25]} 15. Rbc1 {[%emt 0:03:18]} Rc8 {[%emt 0:00:49]} 16. Nd2 {[%emt 0:01:39]} Nd5 {[%emt 0:00:20]} 17. f4 {[%emt 0:00:14]} Nxe3 {[%emt 0:00:39]} 18. Qxe3 {[%emt 0:00:02]} Qd7 {[%emt 0:00:35]} 19. f5 {[%emt 0:01:08]} Rfd8 {[%emt 0:04:42]} 20. Nb3 {[%emt 0:01:05]} Bd5 {[%emt 0:00:57]} 21. Bxd5 {[%emt 0:01:20]} Qxd5 {[%emt 0:00:03]} 22. fxe6 {[%emt 0:00:09]} Qxe6 {[%emt 0:00:14]} 23. Rxc8 Rxc8 {[%emt 0:00:01]} 24. Rc1 {[%emt 0:01:01]} Rxc1+ 25. Qxc1 {[%emt 0:00:00]} Qd5 {[%emt 0:01:00]} 26. Qc8+ {[%emt 0:00:29]} Bf8 {[%emt 0:00:01]} 27. Qc2 {[%emt 0:00:01]} a5 {[%emt 0:00:10]} 28. Qd3 {[%emt 0:00:20]} Bc5 {[%emt 0:01:19]} 29. Qb5 {[%emt 0:00:12]} Bxd4+ {[%emt 0:00:08]} 30. Nxd4 {[%emt 0:00:08]} Qxd4+ {[%emt 0:00:02]} 31. Kf1 {[%emt 0:00:01]} h6 {[%emt 0:00:14]} 32. e6 {[%emt 0:00:21]} Qf6+ {[%emt 0:00:07]} 33. Kg1 {[%emt 0:00:05]} Qxe6 {[%emt 0:00:02]} 34. Qb1 {[%emt 0:00:08]} Qe3+ {[%emt 0:00:03]} 35. Kf1 {[%emt 0:00:02]} Qf4+ {[%emt 0:00:15]} 36. Kg1 {[%emt 0:00:02]} Qd4+ {[%emt 0:00:01]} 37. Kf1 {[%emt 0:00:02]} Qc4+ {[%emt 0:00:03]} 38. Kf2 {[%emt 0:00:14]} b5 {[%emt 0:00:03]} 39. Qb2 {[%emt 0:00:28]} b4 {[%emt 0:00:11]} 40. Qd2 {[%emt 0:00:22]} a4 {[%emt 0:00:10]} 41. h3 {[%emt 0:00:10]} b3 {[%emt 0:00:05]} 42. axb3 {[%emt 0:00:05]} axb3 {[%emt 0:00:01]} 43. Qd8+ {[%emt 0:00:03]} Kh7 {[%emt 0:00:02]} 44. Qb6 {[%emt 0:00:12]} Qc2+ {[%emt 0:00:00]} 45. Kg1 {[%emt 0:00:01]} b2 {[%emt 0:00:00]} 0-1

[Event "Kupreichik Memorial Open 2018"]
[Site "Minsk"]
[Date "2018.06.21"]
[Round "2"]
[White "Ustiugov, Boris"]
[Black "Talma, Sergei"]
[Result "0-1"]
[WhiteElo "1614"]
[BlackElo "1858"]
[Annotator "NA"]
[PlyCount "71"]
[EventDate "2018.06.21"]
[EventCountry "BLR"]
[SourceTitle "playchess.com"]
[Source "ChessBase"]
[SourceQuality "1"]
[TimeControl "900+10"]

1. d4 d5 2. c4 e5 3. dxe5 d4 4. Nf3 Nc6 {[%emt 0:15:50]} 5. a3 a5 {[%emt 0:00:10]} 6. e3 Bc5 {[%emt 0:00:10]} 7. exd4 {[%emt 0:02:04]} Bxd4 {[%emt 0:00:00]} 8. Nxd4 {[%emt 0:00:37]} Qxd4 {[%emt 0:00:00]} 9. Qxd4 {[%emt 0:01:34]} Nxd4 {[%emt 0:00:00]} 10. Bd3 {[%emt 0:00:02]} Nb3 {[%emt 0:00:00]} 11. Ke2 {[%emt 0:00:30]} Nxa1 {[%emt 0:00:00]} 12. Nd2 {[%emt 0:00:10]} a4 {[%emt 0:00:00]} 13. Re1 {[%emt 0:00:23]} Ne7 {[%emt 0:00:00]} 14. h3 {[%emt 0:00:38]} Bf5 {[%emt 0:00:00]} 15. g4 {[%emt 0:00:11]} Bxd3+ {[%emt 0:00:00]} 16. Kxd3 {[%emt 0:00:01]} O-O-O+ {[%emt 0:00:00]} 17. Kc3 {[%emt 0:00:23]} Nc6 {[%emt 0:00:00]} 18. f4 {[%emt 0:00:20]} Nb3 {[%emt 0:00:00]} 19. Nxb3 {[%emt 0:00:46]} axb3 {[%emt 0:00:00]} 20. Be3 {[%emt 0:00:06]} Rhe8 {[%emt 0:00:00]} 21. Bc5 {[%emt 0:01:38]} b6 {[%emt 0:00:00]} 22. Bf2 {[%emt 0:00:04]} g5 {[%emt 0:00:00]} 23. Bg3 {[%emt 0:00:43]} gxf4 {[%emt 0:00:00]} 24. Bxf4 {[%emt 0:00:01]} Re6 {[%emt 0:00:00]} 25. Re3 {[%emt 0:03:14]} Rde8 {[%emt 0:00:00]} 26. c5 {[%emt 0:00:52]} Nxe5 {[%emt 0:00:00]} 27. cxb6 {[%emt 0:00:24]} cxb6 {[%emt 0:00:00]} 28. Kxb3 {[%emt 0:00:29]} Nc6 {[%emt 0:00:00]} 29. Rc3 {[%emt 0:00:08]} Kb7 {[%emt 0:00:00]} 30. Ka2 {[%emt 0:00:34]} Re4 {[%emt 0:00:00]} 31. Bg5 {[%emt 0:00:15]} R8e6 {[%emt 0:00:00]} 32. b4 {[%emt 0:00:34]} f6 {[%emt 0:00:00]} 33. Bc1 {[%emt 0:00:38]} b5 {[%emt 0:00:00]} 34. Rd3 {[%emt 0:01:54]} Rd4 {[%emt 0:00:17]} 35. Rf3 {[%emt 0:00:40]} Re2+ {[%emt 0:00:24]} 36. Kb3 {time} 0-1

[Event "Kupreichik Memorial Open 2018"]
[Site "Minsk"]
[Date "2018.06.21"]
[Round "2"]
[White "Halouchyts, Karalina"]
[Black "Zeliantsova, Kseniya"]
[Result "1-0"]
[WhiteElo "1603"]
[BlackElo "1844"]
[Annotator "NA"]
[PlyCount "71"]
[EventDate "2018.06.21"]
[EventCountry "BLR"]
[SourceTitle "playchess.com"]
[Source "ChessBase"]
[SourceQuality "1"]
[TimeControl "900+10"]

1. e4 {[%emt 0:00:00]} d6 {[%emt 0:00:02]} 2. d4 {[%emt 0:00:00]} Nf6 {[%emt 0:00:02]} 3. Nc3 {[%emt 0:00:00]} g6 {[%emt 0:00:01]} 4. Be3 {[%emt 0:00:30]} Bg7 {[%emt 0:00:01]} 5. f3 {[%emt 0:00:04]} O-O {[%emt 0:00:04]} 6. Qd2 {[%emt 0:00:04]} Nc6 {[%emt 0:00:02]} 7. O-O-O {[%emt 0:00:11]} e5 {[%emt 0:00:07]} 8. dxe5 {[%emt 0:01:25]} Nxe5 {[%emt 0:00:07]} 9. h4 {[%emt 0:00:48]} Be6 {[%emt 0:00:39]} 10. g4 {[%emt 0:00:47]} Bc4 {[%emt 0:01:24]} 11. f4 {[%emt 0:03:41]} Bxf1 {[%emt 0:05:04]} 12. fxe5 {[%emt 0:00:18]} Nxg4 {[%emt 0:00:14]} 13. Rxf1 {[%emt 0:01:01]} Nxe3 {[%emt 0:01:09]} 14. Qxe3 {[%emt 0:00:07]} Bxe5 {[%emt 0:00:14]} 15. Nf3 {[%emt 0:00:26]} Bg7 {[%emt 0:00:03]} 16. h5 {[%emt 0:01:10]} c6 {[%emt 0:00:27]} 17. Qd2 {[%emt 0:01:57]} Qe7 {[%emt 0:01:05]} 18. Qh2 {[%emt 0:03:20]} Bxc3 {[%emt 0:01:04]} 19. bxc3 {[%emt 0:00:29]} Rad8 {[%emt 0:00:48]} 20. Rfg1 {[%emt 0:01:05]} d5 {[%emt 0:01:46]} 21. Qe5 {[%emt 0:00:46]} Qa3+ {[%emt 0:02:52]} 22. Kb1 {[%emt 0:00:03]} Rfe8 {[%emt 0:00:21]} 23. Qf6 {[%emt 0:00:15]} Rd6 {[%emt 0:00:08]} 24. Qf4 {[%emt 0:00:19]} Rxe4 {[%emt 0:01:02]} 25. hxg6 {[%emt 0:00:09]} fxg6 {[%emt 0:00:16]} 26. Qh6 {[%emt 0:00:11]} Re7 {[%emt 0:00:08]} 27. Nd4 {[%emt 0:00:10]} Rf6 {[%emt 0:00:13]} 28. Nb3 {[%emt 0:00:09]} c5 {[%emt 0:00:11]} 29. Rf1 {[%emt 0:00:06]} Ref7 {[%emt 0:00:03]} 30. Rxf6 {[%emt 0:00:08]} Rxf6 {[%emt 0:00:02]} 31. Qxh7+ {[%emt 0:00:05]} Kf8 {[%emt 0:00:01]} 32. Qh8+ {[%emt 0:00:05]} Ke7 {[%emt 0:00:01]} 33. Re1+ {[%emt 0:00:12]} Kf7 {[%emt 0:00:44]} 34. Qh7+ {[%emt 0:00:15]} Kf8 {[%emt 0:00:04]} 35. Qe7+ {[%emt 0:00:14]} Kg8 {[%emt 0:00:06]} 36. Qxf6 {[%emt 0:00:03]} 1-0

[Event "Kupreichik Memorial Open 2018"]
[Site "Minsk"]
[Date "2018.06.21"]
[Round "2"]
[White "Korniichuk, Fedir"]
[Black "Polovkov, Valery"]
[Result "0-1"]
[WhiteElo "1568"]
[BlackElo "1830"]
[Annotator "NA"]
[PlyCount "68"]
[EventDate "2018.06.21"]
[EventCountry "BLR"]
[SourceTitle "playchess.com"]
[Source "ChessBase"]
[SourceQuality "1"]
[TimeControl "900+10"]

1. d4 {[%emt 0:00:00]} b6 {[%emt 0:00:07]} 2. c4 {[%emt 0:00:00]} Bb7 {[%emt 0:00:03]} 3. e3 {[%emt 0:00:06]} e6 {[%emt 0:00:02]} 4. Nc3 {[%emt 0:00:05]} g6 {[%emt 0:00:08]} 5. Nf3 {[%emt 0:00:04]} Bg7 {[%emt 0:00:01]} 6. Bd3 {[%emt 0:00:13]} Ne7 {[%emt 0:00:01]} 7. O-O {[%emt 0:00:06]} d6 {[%emt 0:00:05]} 8. b3 {[%emt 0:00:16]} Nd7 {[%emt 0:00:02]} 9. Bb2 {[%emt 0:00:03]} O-O {[%emt 0:00:03]} 10. Rc1 {[%emt 0:00:06]} a6 {[%emt 0:00:01]} 11. Qe2 {[%emt 0:00:08]} h6 {[%emt 0:00:02]} 12. Rfd1 {[%emt 0:00:04]} c6 {[%emt 0:00:40]} 13. Bb1 {[%emt 0:00:26]} b5 {[%emt 0:00:24]} 14. c5 {[%emt 0:01:05]} d5 {[%emt 0:00:13]} 15. h3 {[%emt 0:00:19]} f5 {[%emt 0:00:11]} 16. Ne1 {[%emt 0:00:41]} e5 {[%emt 0:00:31]} 17. Nc2 {[%emt 0:00:43]} e4 {[%emt 0:00:13]} 18. Rf1 {[%emt 0:00:49]} g5 {[%emt 0:00:11]} 19. Rcd1 {[%emt 0:00:40]} f4 {[%emt 0:00:09]} 20. exf4 {[%emt 0:00:46]} gxf4 {[%emt 0:00:02]} 21. Qg4 {[%emt 0:00:29]} Bc8 {[%emt 0:00:42]} 22. Qh4 {[%emt 0:01:02]} Qe8 {[%emt 0:00:25]} 23. Bc1 {[%emt 0:00:49]} Ng6 {[%emt 0:00:33]} 24. Qh5 {[%emt 0:00:30]} Nf6 {[%emt 0:00:03]} 25. Qe2 {[%emt 0:00:12]} f3 {[%emt 0:00:26]} 26. gxf3 {[%emt 0:00:21]} Bxh3 {[%emt 0:00:03]} 27. Rfe1 {[%emt 0:00:20]} Qd7 {[%emt 0:03:14]} 28. fxe4 {[%emt 0:00:40]} Nh4 {[%emt 0:04:22]} 29. e5 {[%emt 0:01:22]} Bg4 {[%emt 0:00:21]} 30. Qd3 {[%emt 0:01:38]} Bf3 {[%emt 0:01:31]} 31. e6 {[%emt 0:02:40]} Qe7 {[%emt 0:00:23]} 32. Bf4 {[%emt 0:00:55]} Ne4 {[%emt 0:00:21]} 33. Bg3 {[%emt 0:01:28]} Qxe6 {[%emt 0:01:49]} 34. Qf1 {[%emt 0:01:06]} Bxd1 {[%emt 0:01:05]} 0-1

[Event "Kupreichik Memorial Open 2018"]
[Site "Minsk"]
[Date "2018.06.21"]
[Round "2"]
[White "Drobyshevsky, Vasily"]
[Black "Rybakova, Polina"]
[Result "0-1"]
[WhiteElo "1551"]
[BlackElo "1826"]
[Annotator "NA"]
[PlyCount "108"]
[EventDate "2018.06.21"]
[EventCountry "BLR"]
[SourceTitle "playchess.com"]
[Source "ChessBase"]
[SourceQuality "1"]
[TimeControl "900+10"]

1. c4 {[%emt 0:00:00]} e5 {[%emt 0:00:27]} 2. Nc3 {[%emt 0:00:00]} Nf6 {[%emt 0:00:02]} 3. e3 {[%emt 0:00:00]} d5 {[%emt 0:00:33]} 4. d4 {[%emt 0:00:00]} exd4 {[%emt 0:00:57]} 5. exd4 {[%emt 0:00:00]} Qe7+ {[%emt 0:00:15]} 6. Qe2 {[%emt 0:00:25]} Qxe2+ {[%emt 0:01:01]} 7. Bxe2 {[%emt 0:00:03]} Bb4 {[%emt 0:00:08]} 8. cxd5 {[%emt 0:00:46]} Nxd5 {[%emt 0:00:43]} 9. Bd2 {[%emt 0:00:03]} Nf6 {[%emt 0:01:05]} 10. Bf3 {[%emt 0:00:26]} c6 {[%emt 0:01:01]} 11. Nge2 {[%emt 0:00:10]} O-O {[%emt 0:00:14]} 12. O-O {[%emt 0:00:03]} Bf5 {[%emt 0:00:32]} 13. Rfe1 {[%emt 0:00:32]} Nbd7 {[%emt 0:00:22]} 14. a3 {[%emt 0:01:00]} Ba5 {[%emt 0:00:36]} 15. b4 {[%emt 0:01:32]} Bb6 {[%emt 0:01:13]} 16. d5 {[%emt 0:00:15]} cxd5 {[%emt 0:02:33]} 17. Nxd5 {[%emt 0:00:11]} Be4 {[%emt 0:03:16]} 18. Nxb6 {[%emt 0:00:28]} Nxb6 {[%emt 0:00:06]} 19. Bg5 {[%emt 0:00:39]} Bxf3 {[%emt 0:00:38]} 20. Bxf6 {[%emt 0:00:04]} Bxe2 {[%emt 0:01:07]} 21. Be7 {[%emt 0:01:00]} Bh5 {[%emt 0:01:06]} 22. Bxf8 {[%emt 0:00:04]} Kxf8 23. Rac1 {[%emt 0:00:09]} Rd8 {[%emt 0:00:52]} 24. Rc7 {[%emt 0:00:04]} Rd7 {[%emt 0:00:10]} 25. Rec1 {[%emt 0:00:56]} Ke7 {[%emt 0:00:06]} 26. Rxd7+ {[%emt 0:01:00]} Kxd7 {[%emt 0:00:03]} 27. f3 {[%emt 0:00:10]} Bg6 {[%emt 0:00:14]} 28. Rc5 {[%emt 0:00:50]} a6 {[%emt 0:00:12]} 29. Kf2 {[%emt 0:01:00]} Nc8 {[%emt 0:00:17]} 30. f4 {[%emt 0:01:22]} Nd6 {[%emt 0:00:02]} 31. Kg1 {[%emt 0:00:22]} b6 {[%emt 0:00:12]} 32. Rd5 {[%emt 0:00:37]} Be4 {[%emt 0:00:09]} 33. Rd4 {[%emt 0:00:08]} f5 {[%emt 0:00:15]} 34. g3 {[%emt 0:00:08]} Ke6 {[%emt 0:00:10]} 35. Kf2 {[%emt 0:00:12]} Nb5 {[%emt 0:00:06]} 36. Rd8 {[%emt 0:00:18]} Nxa3 {[%emt 0:00:15]} 37. Rb8 {[%emt 0:00:32]} Nc4 {[%emt 0:00:10]} 38. Rc8 {[%emt 0:00:38]} Kd5 {[%emt 0:00:09]} 39. Rg8 {[%emt 0:00:12]} Nd6 {[%emt 0:00:10]} 40. Rxg7 {[%emt 0:00:23]} Kc4 {[%emt 0:00:06]} 41. Rxh7 {[%emt 0:00:06]} Kxb4 42. h4 {[%emt 0:00:03]} a5 {[%emt 0:00:21]} 43. h5 {[%emt 0:00:02]} Ne8 {[%emt 0:00:12]} 44. h6 {[%emt 0:00:14]} Nf6 {[%emt 0:00:02]} 45. Rf7 {[%emt 0:00:13]} Ng4+ {[%emt 0:00:04]} 46. Ke2 {[%emt 0:00:09]} Nxh6 {[%emt 0:00:12]} 47. Ra7 {[%emt 0:00:03]} b5 {[%emt 0:00:09]} 48. Ra6 {[%emt 0:00:03]} Ng4 {[%emt 0:00:04]} 49. Kd2 {[%emt 0:00:04]} a4 {[%emt 0:00:04]} 50. Kc1 {[%emt 0:00:02]} Kb3 {[%emt 0:00:11]} 51. Kd2 {[%emt 0:00:09]} b4 {[%emt 0:00:10]} 52. Ra7 {[%emt 0:00:03]} a3 {[%emt 0:00:10]} 53. Ke2 {[%emt 0:00:11]} Kb2 {[%emt 0:00:07]} 54. Kd2 {[%emt 0:00:07]} a2 {[%emt 0:00:04]} 0-1

[Event "Kupreichik Memorial Open 2018"]
[Site "Minsk"]
[Date "2018.06.21"]
[Round "2"]
[White "Boiko, Aleksei"]
[Black "Girshgorn, Maria"]
[Result "0-1"]
[WhiteElo "1526"]
[BlackElo "1805"]
[Annotator "NA"]
[PlyCount "60"]
[EventDate "2018.06.21"]
[EventCountry "BLR"]
[SourceTitle "playchess.com"]
[Source "ChessBase"]
[SourceQuality "1"]
[TimeControl "900+10"]

1. d4 {[%emt 0:00:00]} Nf6 {[%emt 0:02:11]} 2. Nf3 {[%emt 0:00:00]} g6 {[%emt 0:00:01]} 3. Bf4 {[%emt 0:00:00]} Bg7 {[%emt 0:00:01]} 4. e3 {[%emt 0:00:00]} d6 {[%emt 0:00:00]} 5. Be2 {[%emt 0:00:00]} O-O {[%emt 0:00:02]} 6. h3 {[%emt 0:00:00]} Nbd7 {[%emt 0:00:06]} 7. O-O {[%emt 0:00:01]} c5 {[%emt 0:00:16]} 8. c4 {[%emt 0:00:02]} cxd4 {[%emt 0:00:40]} 9. exd4 {[%emt 0:00:01]} Ne4 {[%emt 0:00:17]} 10. Nc3 {[%emt 0:00:04]} Ndf6 {[%emt 0:00:03]} 11. Re1 {[%emt 0:00:03]} Nxc3 {[%emt 0:00:11]} 12. bxc3 {[%emt 0:00:02]} Ne4 {[%emt 0:00:01]} 13. Qc2 {[%emt 0:00:05]} Nf6 {[%emt 0:01:07]} 14. Bd3 {[%emt 0:00:32]} b6 {[%emt 0:00:46]} 15. Nd2 {[%emt 0:00:11]} Bb7 {[%emt 0:00:07]} 16. Ne4 {[%emt 0:00:02]} Rc8 {[%emt 0:02:07]} 17. Qa4 {[%emt 0:01:51]} Bc6 {[%emt 0:00:27]} 18. Qa3 {[%emt 0:00:25]} Bxe4 {[%emt 0:00:45]} 19. Bxe4 {[%emt 0:00:03]} Nxe4 {[%emt 0:00:22]} 20. Rxe4 {[%emt 0:00:01]} Rxc4 {[%emt 0:00:02]} 21. Qxa7 {[%emt 0:00:10]} e5 {[%emt 0:00:04]} 22. Bh2 {[%emt 0:04:02]} exd4 {[%emt 0:02:32]} 23. cxd4 {[%emt 0:00:03]} Rxd4 {[%emt 0:00:11]} 24. Rae1 {[%emt 0:01:34]} Rxe4 {[%emt 0:01:44]} 25. Rxe4 {[%emt 0:00:02]} d5 {[%emt 0:00:01]} 26. Rb4 {[%emt 0:01:52]} d4 {[%emt 0:00:28]} 27. Qxb6 {[%emt 0:00:03]} d3 {[%emt 0:00:06]} 28. Qxd8 {[%emt 0:00:24]} Rxd8 {[%emt 0:00:01]} 29. Rb1 {[%emt 0:00:03]} d2 {[%emt 0:00:01]} 30. Rd1 {[%emt 0:00:03]} Re8 {[%emt 0:00:09]} 0-1